01200 a2200205 4500003000500000005001700005010001600022020001500038040000900053082001600062100001600078245005300094250001200147260004300159300002900202505061600231650003400847650002400881856008900905Nust20221121104104.0 a 90001590 a0849342724 cNust00a621.381,LIN1 aLin, Wen C.10aHandbook of digital system design /cWen C. Lin. a2nd ed. aBoca Raton, Fla. :bCRC Press,cc1990. a473 p. :bill. ;c25 cm. aA Review of Linear Circuits Fundamental (Page-1), Basic Modules for Linear Systems (Page-9), A Review and Clarification of Switching and Pulse(Page-77), Basic Electronic Logic Elements (Page-121), Basic Function Modules (Page-157), Memory Systems (Page-207), Arithmetic Logic Units ALU (Page-243), Analog Digital Analog Conversion and Data Acquisition Systems (Page-275), Noise in Digital Systems (Page-307), Review of Sequential Machine Design Fundamentals (Page-337), Random Logic Design Using Programmable (Page-361), Computer Aided and Hardware Debugging (Page-409), Explanation of Logic Symbols (Page-429). 0aElectronic digital computers. 0aTelecom engineering423Publisher descriptionuhttp://www.loc.gov/catdir/enhancements/fy0744/90001590-d.html